| 000 | 01796cam a22002054a 4500 | ||
|---|---|---|---|
| 005 | 20250605164055.0 | ||
| 008 | 250528s ||||||||||||||||||||||||d | ||
| 035 | _a17423 | ||
| 020 | _a9602184280 | ||
| 040 |
_aGR-AtMCL _bgre _dGR-AtMCL _eAACR2 |
||
| 245 | 1 | _aΣτατιστική Μεθοδολογία / Πρώτος Τόμος | |
| 250 | _a1η | ||
| 260 |
_bΚριτική - Επιστημονική Βιβλιοθήκη, _c2005 |
||
| 300 | _a356 | ||
| 520 | _aΤο παρόν βιβλίο απευθύνεται σε όσους φοιτητές και σπουδαστές επιθυμούν να εμβαθύνουν στις έννοιες και τις μεθόδους της Στατιστικής, που σήμερα αποτελεί απαραίτητο εργαλείο για τις περισσότερες επιστήμες. Πρόλογος, Εισαγωγή, Περιγραφική Στατιστική, Τα Στατιστικά Στοιχεία και οι Μέθοδοι Συλλογής τους, Παρουσίαση των Στατιστικών Στοιχείων, Ανάλυση των Στατιστικών Στοιχείων, Αριθμοδείκτες, Θεωρία πιθανοτήτων, Έννοια της Πιθανότητας, Διακριτή Τυχαία Μεταβλητή, Διακριτές Θεωρητικές Κατανομές, Διακριτή Τυχαία Διμεταβλητή, Συνεχείς Τυχαίες Μεταβλητές, Συνεχείς Θεωρητικές Κατανομές, Συνεχής Τυχαία Διμεταβλητή, Ασκήσεις, Πίνακες, Ενδεικτική Βιβλιογραφία. | ||
| 700 | 1 |
_aΖαΐρης Ποσείδων Εμμ _93576 |
|
| 942 | _cBK | ||
| 999 |
_c2844 _d2844 |
||